000 01989nam a2200253Ia 4500
003 Ost
005 20260507075355.0
008 260507s9999||||xx |||||||||||||| ||und||
020 _a87071199579
040 _cfsecg
041 _aara
082 _a330
100 _aعبد الله، خالد أمين
_eمؤلف
245 0 _aالعمليات المصرفية الإسلامية :
_bالطرق المحاسبية الحديثة /
_c خالد أمين عبد الله
250 _aطبعة 2
260 _aعمان:
_bدار وائل للنشر والتوزيع,
_c2011
300 _a664 صفحة؛
_bإيضاحات ؛
_c25 سم
504 _aالمراجع ص.659
520 _aمدخل الى العمل المصرفي- الصيرفة الإسلامية- النظام المحاسبي في البنوك- محاسبة قسم الخزينة- محاسبة قسم الودائع- محاسبة قسم الكمبيالات- محاسبة المرابحة والمرابحة للآمر بالشراء- محاسبة التمويل بالمضاربة- محاسبة التمويل بالمشاركة- محاسبة السلم والسلم الموازي- محاسبة الإجارة والإجارة المنتهية بالتملك- محاسبة الإستصناع والإستصناع الموازي- محاسبة البيع الآجل- محاسبة الإستثمارات- محاسبة الكفالات المصرفية- محاسبة الإعتمادات المستندية- محاسبة بوالص التحصيل- محاسبة الحوالات- محاسبة تأجير الصناديق الحديدية- محاسبة بطاقة الإئتمان- إعداد الحسابات الختامية والقوائم المالية في البنوك- الكشوفات والتقارير
653 _aالمحاسبة، الإقتصاد الإسلامي
653 _aالمصارف الإسلامية
700 _aسعيفان، حسين سعيد
_eمؤلف ثانوي
942 _cكتاب
999 _c44211
_d44211